Biggest Countries with 2 Colour Flags - Statistics

General Stats
  • This quiz has been taken 35 times
  • The average score is 7 of 10
Answer Stats
km² Country % Correct
9,984,670 Canada
97%
9,706,961 China
97%
1,904,569 Indonesia
77%
783,562 Turkey
73%
2,724,900 Kazakhstan
63%
881,912 Pakistan
63%
1,285,216 Peru
63%
2,149,690 Saudi Arabia
60%
923,768 Nigeria
43%
652,230 Afghanistan
23%
No matching quizzes found
Score Distribution
Percent of People with Each Score
Percentile by Number Answered
Your Score History
You have not taken this quiz